Sports Quiz

Random Sports Quiz
Score 0/10 Timer 05:00
0 Plays Today
Hint Answer % Correct
242. 329+142=471 Sami Johansson
95.3%
136. 159+117=276Eemeli Salin
93.4%
302. 292+359=651Lassi Vänttinen
89.8%
207. 89+122=211Nico Salo
89.8%
187. 194+152=346Henri Johansson
83.4%
206. 64+198=262Jussi Piha
60%
233. 290+157=447 Sami Nyman
58.5%
266. 134+104=238Mikko Leikkanen
45.7%
238. 152+164=316Vesa-Matti Virtanen
35.9%
193. 131+199=330Sami Mattila
30.8%
Remove Ads.
Support Sporcle.
Get the best of Sporcle when you Go Orange. This ad-free experience offers more features, more stats, and more fun while also helping to support Sporcle. Thank you for becoming a member.

You're not logged in!

Compare scores with friends on all Sporcle quizzes.
OR
Log In

Show Comments

Extras

Created Nov 27, 2020ReportNominate

Top Quizzes Today


Score Distribution

Your Account Isn't Verified!

In order to create a playlist on Sporcle, you need to verify the email address you used during registration. Go to your Sporcle Settings to finish the process.

Report this User

Report this user for behavior that violates our Community Guidelines.

Details: